000 00590nam a2200193Ia 4500
003 OSt
005 20260404113502.0
008 210210b1978 xxu||||| |||| 00| 0 eng d
040 _cAL
041 _aHindi
082 _aH891.4 KUMM
100 _aKUMAR (Jagadish).
_dकुमार (जगदीश)
_9260190
245 _aMele ka unt tatv any nibandh.
_bमेले का ऊँट तत्त्व आणि निबन्ध
260 _aN Dilli
_bRishabhcharan Jain Env Santati
_c1978
300 _a128
690 _aHindi Prose
_9260191
906 _a033805
942 _2ddc
_cBK
999 _c84742
_d84742